000 00296 a2200121 4500
000 nam a22 7a 4500
005 20260207123621.0
020 _a9789392894886
100 _aSanjay Singh
_91114344
245 _aHistory of Dharmasastra
260 _bMomentum Publishers
_c2024
942 _cTEXL
999 _c1678888
_d1678888